|
|
|
|
| LEADER |
01048cam a2200265 7i4500 |
| 001 |
0000077783 |
| 005 |
20230523090000.0 |
| 020 |
|
|
|a 9780323905923 (electronic book)
|
| 090 |
0 |
0 |
|a TL272.5
|b .A99 2022
|
| 245 |
0 |
0 |
|a Autonomous and connected heavy vehicle technology
|c edited by Rajalakshmi Krishnamurthi, Adarsh Kumar, Sukhpal Singh Gill.
|
| 264 |
|
|
|a London:
|b Academic Press,
|c 2022.
|
| 300 |
|
|
|a 1 online resource (273 pages):
|b colour illustrations, text file, PDF.
|
| 336 |
|
|
|a text
|2 rdacontent
|
| 337 |
|
|
|a computer
|2 rdamedia
|
| 338 |
|
|
|a online resource
|2 rdacarrier
|
| 490 |
0 |
|
|a Intelligent data centric systems
|
| 650 |
|
0 |
|a Trucks --
|x Automatic control
|
| 655 |
|
0 |
|a Electronic books
|
| 700 |
1 |
|
|a Krishnamurthi, Rajalakshmi
|
| 700 |
1 |
|
|a Kumar, Adarsh
|
| 700 |
1 |
|
|a Gill, Sukhpal Singh
|
| 856 |
4 |
2 |
|u http://library.unisel.edu.my/web/guest/mylibrary
|
| 997 |
|
|
|a Engineering & Life Sciences, Faculty
|b Engineering, Department
|
| 998 |
|
|
|a Mechatronics Engineering, Degree
|
| 999 |
|
|
|a EBO0020198
|b EBOOK
|c EBOOK
|e Electronic resources
|